000 00628cam a2200217 4500
001 WB3610-50
008 000000n2000 000 0 eng u
035 _a(Sirsi) u104688
245 _aHave a field day
260 _c2000
490 _aDaily Telegraph
_v4 March 2000, 13(2)
520 _aSuggests that bidding for a lot at a sporting auction may provide a chance to participate in field sports at a reasonable price.
590 _aWB
650 _aAuctioneering
_96218
650 _aFIELD SPORTS
650 _aCOUNTRYSIDE SPORTS
650 _aSHOOTING
650 _aFISHING
690 _aRURAL
_96268
942 _n0
999 _c62812
_d62812